00379nam a2200145Ia 4500008004100000020001800041041000800059082001700067100001100084245006200095260001900157300001600176650002500192650001600217210719s2005 xx 000 0 und d a92-806-3817-3 aeng a362.795 UNIS aUNICEF aState of the worlds children 2005: childhood under threat aNew Yorkc2005 avii,152bPB aProblems of Children aSocial Work